Inverse spectral theory /

Guardado en:
Autor Principal: Pöschel, Jürgen.
Otros Autores: Trubowitz, Eugene.
Formato: Libro
Idioma:English
Publicado: Boston : Academic Press, c1987.
Series:Pure and applied mathematics (Academic Press) ; 130.
Materias:
Etiquetas: Agregar Etiqueta
Sin Etiquetas, Sea el primero en etiquetar este registro!
LEADER 00809pam a2200241 a 4500
001 MAT.inmabb003476
008 860926s1987####maua#####b####001#0#eng##
005 20150707211649.0
245 1 0 |a Inverse spectral theory /  |c Jürgen Pöschel, Eugene Trubowitz. 
260 |a Boston :  |b Academic Press,  |c c1987. 
300 |a x, 192 p. :  |b il. ;  |c 24 cm. 
490 1 |a Pure and applied mathematics ;  |v 130 
504 |a Bibliografía: p. 185-186. 
510 4 |a MR,  |c 89b:34061 
020 |a 0125630409 
100 1 |a Pöschel, Jürgen. 
700 1 |a Trubowitz, Eugene. 
830 0 |a Pure and applied mathematics (Academic Press) ;  |v 130. 
650 0 |a Spectral theory (Mathematics) 
084 |a 34B25 (35Pxx 35R30 58F19 58G25)  |2 MR 
010 |a  86047801  
040 |a DLC  |c DLC  |d DLC 
859 |h 34  |i P855  |p A-6158  |b BIB. MATEMATICA